Biblioteca

Historia doble de la costa / Orlando Fals Borda (Registro nro. 40675)

Detalles MARC
000 -LÍDER
Campo fijo de descripción fija 004400000a22001450004500
001 - NÚMERO DE CONTROL
Campo de control 11339
041 0# - CÓDIGO DE IDIOMA
Código de idioma para texto/pista de sonido o título separado
082 04 - NÚMERO DE CLASIFICACIÓN DECIMAL DEWEY
Número de clasificación G 986.1 F197m
100 1# - ASIENTO PRINCIPAL--NOMBRE PERSONAL
Nombre personal Fals Borda, Orlando
245 10 - TÍTULO
Título del Material Historia doble de la costa / Orlando Fals Borda
260 ## - PUBLICACIÓN, DISTRIBUCIÓN, ETC. (PIE DE IMPRENTA)
Lugar de publicación, distribución, etc. Bogotá, Colombia : Carlos Valencia
300 ## - DESCRIPCIÓN FÍSICA
Extensión 168 Pag
505 00 - NOTA DE CONTENIDO
Nota de contenido con formato preestablecido t.1 : Mompox y loba t.2 : El presidente Nieto t.3 : Resistencia en el San Jorge t.4 : Retorno a la tierra
942 ## - TIPO DE MATERIAL (KOHA)
Tipo de Item KOHA Libros General
Existencias
Estado de Material Estado de Perdido Estado de Dañado No para Préstamo Colección Tomo Biblioteca de Origen Biblioteca Permanente Fecha de Adquisición Total de Préstamos Signatura Topográfica Código de Barras Última vez visto Ejemplar/Existencia Fecha de Remplazo Tipo de Material
        Colección General 1 Biblioteca FUSBC Biblioteca FUSBC 27/01/2005   G 986.1 F197m 10997 12/12/2019 2 26/01/2016 Libros General
        Colección General 4 Biblioteca FUSBC Biblioteca FUSBC 27/01/2005   G 986.1 F197m 11001 17/03/2026 1 26/01/2016 Libros General
        Colección General 3 Biblioteca FUSBC Biblioteca FUSBC 27/01/2005   G 986.1 F197m 11000 12/12/2019 1 26/01/2016 Libros General
        Colección General 2 Biblioteca FUSBC Biblioteca FUSBC 27/01/2005   G 986.1 F197m 10999 12/12/2019 1 26/01/2016 Libros General
        Colección General 1 Biblioteca FUSBC Biblioteca FUSBC 27/01/2005   G 986.1 F197m 10998 19/02/2024 1 26/01/2016 Libros General

Biblioteca FUSBC | Teléfono: (57+4) 349 88 10 Ext. 141| WhatsApp (+57) 3005338115 
E-mail: biblioteca@unisbc.edu.co | Calle 76 87-14 Robledo Palenque, Medellín, Colombia

Con tecnología Koha